| 000 | 01139nam a22003131 4500 | ||
|---|---|---|---|
| 001 | 143670 | ||
| 003 | SpMaBN | ||
| 005 | 20250808022131.0 | ||
| 008 | 981210s1960 sp spa | ||
| 016 | 7 |
_abimoBNE20000198154 _zIND9800832726 _2SpMaBN |
|
| 017 |
_aB 13964-1959 _bOficina Depósito Legal Barcelona |
||
| 035 | _a(OCoLC)55303878 | ||
| 040 |
_aSpMaBN _bspa _cCDM _dES-MaACL |
||
| 080 | _a355.404.51(52) | ||
| 100 | 0 |
_aSeth, Ronald _0XX1265929 _9105895 |
|
| 245 | 1 | 0 |
_aServidores secretos / _cRonald Seth ; [versión... de Ana María de Foronda] |
| 260 |
_aBarcelona : _bLuis de Caralt, _b[Saturno, _c1960] |
||
| 300 |
_a311 p., 2 h. ; _c20 cm |
||
| 490 | 0 | _aLa Vida Vivida | |
| 650 | 7 |
_aEspionaje _zJapón _2embne _9227229 |
|
| 700 | 1 | 1 |
_aForonda, Ana-María de _951800 |
| 830 | 3 |
_aLa vida vivida _9180877 |
|
| 852 |
_aES-MaACL _bR.45512 _9148858 _cMES _jC-17130 |
||
| 942 |
_2udc _cMONOGRAFIA |
||
| 980 |
_aB 13964-1959 _aSpMaBN _bBNALCALA _jDL/1819101 _d7/39680 _cCONSERVACI |
||
| 980 |
_aB 13964-1959 _aSpMaBN _bBNMADRID _j7/38438 _d7/39681 _cSG_RECOLET |
||
| 999 |
_c143670 _d143670 |
||